000
00283nam a2200121Ia 4500
008
230524s9999 xx 000 0 und d
100
_a
Richard Y.Kain
245
0
_a
Advanced Computer Architecture
260
_b
PHI
500
_a
Quantity Number: 3
650
_a
Comp-Sc
942
_c
BK
999
_c
1507
_d
1507